00669cam a22001937a 4500003000400000005001700004008004100021017002100062020001800083040001400101100001500115245005700130260003600187300002700223500006200250942001300312999001500325952013500340OSt20150708162907.0150626s2015 spca 000 0 spa|d aDL B. 10813-2015 a9788416290277 bcatcCDMR1 aAmat, Kiko10aChap chapb: una antología confesional cKiko Amat aBarcelona bBlackie Booksc2015 a496 p. :bil. ;c21 cm aRecull d'articles publicats per l'autor entre 1987 i 2014 cMON2udc c6874d6874 00104070aCDMRbCDMRd2015-07-08eIntercanvig19.90l5m5oDu 6/96pCDMR15070054r2016-11-02s2016-09-29v19.90w2015-07-08yMON